| 000 | 00387nam a22001217a 4500 | ||
|---|---|---|---|
| 082 | _a200 THE | ||
| 100 |
_aALEENA AHMAD _972589 |
||
| 245 | _aTH-SOF-1737-Improving Lower and Upper Approximation of Dominance based Rough Set Approach | ||
| 260 |
_aISLAMABAD _bNUST COLLEGE OF EME _c2020 |
||
| 650 |
_aMS-CSE-17 MSTHESIS _972574 |
||
| 700 |
_aSupervisor Dr. Usman Qamar _969693 |
||
| 942 | _cCF | ||
| 999 |
_c578588 _d578588 |
||